Estatísticas para Modelos famosos

Clique aqui para jogar o quiz

Estatísticas Gerais

  • Esse quiz foi jogado 18 vezes
  • A pontuação média é 4 de 15

Estatísticas das Respostas

HintResposta% Correto
6.Gisele Bundchen
69%
9.Adriana Lima
56%
5.Alessandra Ambrósio
50%
7.Bella Hadid
50%
4.Gigi Hadid
50%
3.Kendall Jenner
44%
1.Sara Sampaio
31%
13.David Gandy
6%
12.Doutzen Kroes
6%
15.Jon Kortajarena
6%
11.Karlie Kloss
6%
10.Marlon Teixeira
6%
14.Natalia Vodianova
6%
8.Sean O'Pry
6%
2.Rúben Rua
0%

Distribuição das Pontuações

Percentil de Números Respondidos

Porcentagem de Pessoas com Cada Pontuação

Sua Pontuação Histórica

Você não jogou esse quiz